Подробности
| 000 -МАРКЕР |
| контрольное поле |
02456nam0a2200361 4500 |
| 001 - ИДЕНТИФИКАТОР ЗАПИСИ |
| контрольное поле |
RU\NLR\bibl\1188206 |
| 005 - ИДЕНТИФИКАТОР ВЕРСИИ |
| контрольное поле |
20260407174812.0 |
| 035 ## - ДРУГИЕ СИСТЕМНЫЕ НОМЕРА |
| Идентификатор записи |
(NLR Aleph) 001174773 |
| 100 ## - ДАННЫЕ ОБЩЕЙ ОБРАБОТКИ |
| Данные общей обработки |
20080213d2003 |||y0rusy50 ca |
| 101 0# - ЯЗЫК РЕСУРСА |
| Язык текста, звукозаписи и т.д. |
русский |
| -- |
итальянский |
| 102 ## - СТРАНА ПУБЛИКАЦИИ ИЛИ ПРОИЗВОДСТВА |
| Страна публикации |
Российская Федерация |
| -- |
Италия |
| 105 ## - ПОЛЕ КОДИРОВАННЫХ ДАННЫХ: ТЕКСТОВЫЕ МАТЕРИАЛЫ, МОНОГРАФИЧЕСКИЕ |
| Кодированные данные о монографическом текстовом документе |
a ||||||||| |
| 200 1# - ЗАГЛАВИЕ И СВЕДЕНИЯ ОБ ОТВЕТСТВЕННОСТИ |
| Основное заглавие |
Пастель в Российской академии художеств в прошлом и настоящем |
| Параллельное заглавие |
Il Pastello all'accademia delle belle arti di Russia ieri e oggi |
| Сведения, относящиеся к заглавию |
[каталог выставки пастелей преподавателей и студентов Российской академии художеств, Санкт-Петербург, февраль-март 2003 г. |
| Первые сведения об ответственности |
сост.: П.С. Чахотин и Е.И. Прасолова |
| Последующие сведения об ответственности |
тексты: Н.М. Балакиной и др.] |
| Язык параллельного заглавия |
итальянский |
| 210 ## - ПУБЛИКАЦИЯ, РАСПРОСТРАНЕНИЕ И ДР. |
| Место издания, распространения и т.д. |
Санкт-Петербург |
| Имя издателя, распространителя и т. д. |
Европастель |
| Место издания, распространения и т.д. |
Alba |
| Имя издателя, распространителя и т. д. |
Comitato Europastello |
| Дата издания, распространения и т.д. |
2003 |
| 215 ## - ФИЗИЧЕСКАЯ ХАРАКТЕРИСТИКА |
| Специфическое обозначение материала и объем |
95 с. |
| Другие сведения о физической характеристике |
ил., цв. ил. |
| Размеры |
29 |
| 300 ## - ОБЩИЕ ПРИМЕЧАНИЯ |
| Текст примечания |
Текст парал. на рус. и итал. яз. |
| 300 ## - ОБЩИЕ ПРИМЕЧАНИЯ |
| Текст примечания |
На тит.л.: Трехсотлетие основания Санкт-Петербурга - 1703-2003 |
| 309 ## - ПРИМЕЧАНИЯ ОБ ОСНОВНОМ ИСТОЧНИКЕ ИНФОРМАЦИИ И ОБ ОСОБЕННОСТЯХ ПОЛИГРАФИЧЕСКОГО ОФОРМЛЕНИЯ ИЗДАНИЯ |
| Текст примечания |
На тит. л. и корешке: IV |
| 510 1# - ПАРАЛЛЕЛЬНОЕ ЗАГЛАВИЕ |
| Параллельное заглавие |
Il Pastello all'accademia delle belle arti di Russia ieri e oggi |
| Язык заглавия |
итальянский |
| 601 02 - НАИМЕНОВАНИЕ ОРГАНИЗАЦИИ КАК ПРЕДМЕТ |
| Начальный элемент ввода |
Российская академия художеств |
| Структурное подразделение организации |
Научно-исследовательский музей |
| Идентифицирующий признак |
Санкт-Петербург, город |
| Формальный подзаголовок |
Каталоги |
| Тематический подзаголовок |
Выставки |
| Хронологический подзаголовок |
2003 |
| Системный номер авторитетной/нормативной записи |
2533212 |
| Идентификатор авторитетной/нормативной записи |
RU\NLR\auth\661500353 |
| 606 1# - НАИМЕНОВАНИЕ ТЕМЫ КАК ПРЕДМЕТ |
| Наименование темы |
Пастель русская |
| Формальный подзаголовок |
Каталоги |
| Тематический подзаголовок |
Выставки |
| Географический подзаголовок |
Санкт-Петербург, город |
| Хронологический подзаголовок |
19 - 20 вв. |
| -- |
2003 |
| Системный номер авторитетной/нормативной записи |
2533214 |
| Идентификатор авторитетной/нормативной записи |
RU\NLR\auth\661500354 |
| 686 ## - ИНДЕКСЫ ДРУГИХ КЛАССИФИКАЦИЙ |
| Индекс |
Щ101.3(2Р)-2Санкт-Петербург2Научно-исследовательский музей л62 |
| 686 ## - ИНДЕКСЫ ДРУГИХ КЛАССИФИКАЦИЙ |
| Индекс |
Щ143(2Р=Рус)53-456л62 |
| 686 ## - ИНДЕКСЫ ДРУГИХ КЛАССИФИКАЦИЙ |
| Индекс |
Щ143(2Р=Рус)7-456л62 |
| 702 #1 - ИМЯ ЛИЦА - ВТОРИЧНАЯ ОТВЕТСТВЕННОСТЬ |
| Начальный элемент ввода |
Чахотин |
| Часть имени, кроме начального элемента ввода |
П. С. |
| Код отношения |
Составитель |
| 711 02 - НАИМЕНОВАНИЕ ОРГАНИЗАЦИИ - АЛЬТЕРНАТИВНАЯ ОТВЕТСТВЕННОСТЬ |
| Начальный элемент ввода |
Российская академия художеств |
| Структурное подразделение |
Выставка пастелей преподавателей и студентов |
| Место проведения временной организации |
Санкт-Петербург |
| Дата проведения временной организации |
2003 |
| Системный номер авторитетной/нормативной записи |
724461 |
| Идентификатор авторитетной/нормативной записи |
RU\NLR\AUTH\8810112372 |
| 801 #0 - ИСТОЧНИК ЗАПИСИ |
| Страна |
Российская Федерация |
| Организация |
NLR |
| Дата составления |
20080213 |
| Правила каталогизации |
RCR |
| 801 #1 - ИСТОЧНИК ЗАПИСИ |
| Страна |
Российская Федерация |
| Организация |
NLR |
| Дата составления |
20080213 |
| 942 ## - ДОПОЛНИТЕЛЬНЫЕ ЭЛЕМЕНТЫ ЗАПИСИ (АБИС) |
| Тип экземпляра АБИС |
Книга |
| 980 ## - КОЛЛЕКЦИЯ |
| Название коллекции |
Национальная библиография |